000 00962nam a22002417a 4500
999 _c18861
_d18861
003 AR-CdUCM
008 190515b ||||| |||| 00| 0 spa d
040 _aMUNICIPALIDAD PROVINCIAL DEL CUSCO
_cBIBLIOTECA MUNICIPAL DEL CUSCO
082 _a340.92 /
_bP26
100 _aPareja Paz Soldán, José
_93671
245 _aJosé Gregorio Paz Soldán :
_bdiplomático y jurista /
260 _aLima :
_bEdiciones Peruanas,
_c1964.
300 _a125 páginas ;
_bretrato,
_c26 cm.
500 _aAcademia Diplomática del Perú.
505 _aContenido: Familia, nacimiento y juventud -- Madurez -- Paz Soldan plenipotenciario al congreso Americano de 1864 -- Juicio sobre el diplomático y el magistrado.
650 _aDiplomáticos
_910392
650 _aPerú
_935
650 _aBiografía
_922
700 _aBelaúnde, Víctor Andrés (prólogo)
_939735
700 _aAlva Orlandini, Hernán (diseño)
_939736
942 _2ddc
_cLIBROS
945 _aachl
_d2019-05-15